[Event "BCF-chT3W 2223 (4NCL)"]
[Site "England"]
[Date "2023.03.18"]
[Round "7.11"]
[White "Baker, Chris W"]
[Black "Coates, David H"]
[Result "1-0"]
[WhiteElo "2243"]
[BlackElo "2013"]
[PlyCount "79"]
[EventDate "2022.10.22"]
[EventType "team-tourn"]
[EventRounds "11"]
[EventCountry "ENG"]
[SourceTitle "EXT 2024"]
[Source "ChessBase"]
[SourceDate "2023.10.10"]
[SourceVersion "1"]
[SourceVersionDate "2023.10.10"]
[SourceQuality "1"]
[WhiteTeam "Warwicks Select"]
[BlackTeam "Ashfield"]
[WhiteTeamCountry "ENG"]
[BlackTeamCountry "ENG"]

1. e4 c5 2. Nf3 Nc6 3. g3 e5 4. Nc3 g6 5. Bg2 Bg7 6. 0-0 Nge7 7. d3 0-0 8. Rb1 d6 9. a3 a5 10. Bd2 Rb8 11. Qc1 f5 12. Bg5 Be6 13. Nd5 Kh8 14. b4 axb4 15. Nxe7 Nxe7 16. axb4 cxb4 17. Rxb4 Qd7 18. Bxe7 Qxe7 19. Rb6 Bg8 20. Nd2 Rfd8 21. Qa3 Qc7 22. Rb4 d5 23. exd5 Bxd5 24. Bxd5 Rxd5 25. Rfb1 Rd7 26. Qb3 Qd8 27. Nf3 Rc8 28. Qe6 Re7 29. Qb3 Rec7 30. Rxb7 Rxb7 31. Qxb7 Bf6 32. Qf7 Rc7 33. Qe6 Qe7 34. Rb8+ Kg7 35. Qg8+ Kh6 36. Re8 Qc5 37. Kg2 Bg7 38. h4 Qc6 39. Re6 Qb7 40. Qd8 1-0

[Event "GBR-ch 100th"]
[Site "Torquay"]
[Date "2013.08.01"]
[Round "4"]
[White "Homer, Stephen J"]
[Black "Coates, David H"]
[Result "1-0"]
[WhiteElo "2165"]
[BlackElo "2046"]
[PlyCount "91"]
[EventDate "2013.07.29"]
[EventType "swiss"]
[EventRounds "11"]
[EventCountry "ENG"]
[SourceTitle "CBM 155 Extra"]
[Source "ChessBase"]
[SourceDate "2013.08.26"]
[SourceVersion "1"]
[SourceVersionDate "2013.08.26"]
[SourceQuality "1"]

1. e4 c5 2. Nf3 d6 3. c3 Nf6 4. h3 Nc6 5. Bd3 g6 6. Bc2 Bg7 7. 0-0 0-0 8. d4 cxd4 9. cxd4 Nb4 10. Bb3 d5 11. e5 Ne4 12. Nc3 Nxc3 13. bxc3 Nc6 14. Nh4 e6 15. Nf3 f5 16. exf6 Bxf6 17. Bh6 Re8 18. Re1 Na5 19. Ne5 Bd7 20. Qf3 Nxb3 21. axb3 Bb5 22. Re3 Qe7 23. Rae1 Bg7 24. Bxg7 Kxg7 25. Qg4 Rad8 26. h4 Rf8 27. h5 Rf5 28. Rg3 Qf6 29. hxg6 h5 30. Qd1 Rxf2 31. Rf3 Rxf3 32. Qxf3 Qxf3 33. gxf3 Rc8 34. Rc1 Be8 35. Kh2 Kh6 36. Rg1 Rc7 37. c4 a5 38. cxd5 exd5 39. f4 Kg7 40. Kh3 Rc3+ 41. Kh4 Rxb3 42. Kg5 Rb6 43. f5 a4 44. Rf1 a3 45. f6+ Kf8 46. f7 1-0

[Event "GBR-ch 100th"]
[Site "Torquay"]
[Date "2013.07.30"]
[Round "2"]
[White "Coates, David H"]
[Black "Richardson, Alex"]
[Result "1-0"]
[WhiteElo "2046"]
[BlackElo "2149"]
[PlyCount "89"]
[EventDate "2013.07.29"]
[EventType "swiss"]
[EventRounds "11"]
[EventCountry "ENG"]
[SourceTitle "CBM 155 Extra"]
[Source "ChessBase"]
[SourceDate "2013.08.26"]
[SourceVersion "1"]
[SourceVersionDate "2013.08.26"]
[SourceQuality "1"]

1. d4 Nf6 2. c4 e6 3. Nc3 Bb4 4. Qc2 0-0 5. a3 Bxc3+ 6. Qxc3 Qe8 7. f3 d6 8. e4 e5 9. Be3 a5 10. b3 Nfd7 11. Bd3 exd4 12. Bxd4 Ne5 13. Bxe5 dxe5 14. Ne2 c5 15. 0-0 Nc6 16. f4 exf4 17. Nxf4 Qe5 18. Qxe5 Nxe5 19. Be2 Ra6 20. Nd5 Rh6 21. g3 Re8 22. b4 Nc6 23. bxc5 Nd4 24. Bd3 Nb3 25. Rad1 Bg4 26. Rb1 Nxc5 27. Rf4 Bc8 28. Bc2 Ne6 29. Rf2 Nd4 30. Bd3 Rc6 31. Re1 Bg4 32. Kg2 Rh6 33. h4 Nc6 34. c5 Ne5 35. Bb5 Bd7 36. Rb2 Bc6 37. Reb1 Nd7 38. Bxc6 bxc6 39. Nf4 Rf6 40. Rb7 Nf8 41. Rb8 Rxe4 42. Ra8 g5 43. hxg5 Rfxf4 44. gxf4 Kg7 45. Rbb8 1-0

[Event "Hampstead U2200 op 2nd"]
[Site "London"]
[Date "2012.11.24"]
[Round "3"]
[White "Coates, David H"]
[Black "Pattni, Kishan"]
[Result "1/2-1/2"]
[WhiteElo "2085"]
[BlackElo "1733"]
[PlyCount "64"]
[EventDate "2012.11.24"]
[EventType "swiss"]
[EventRounds "5"]
[EventCountry "ENG"]
[SourceTitle "EXT 2019"]
[Source "ChessBase"]
[SourceDate "2018.10.10"]
[SourceVersion "1"]
[SourceVersionDate "2018.10.10"]
[SourceQuality "1"]

1. d4 f5 2. c4 e6 3. g3 Nf6 4. Bg2 Be7 5. Nf3 d6 6. 0-0 0-0 7. Nc3 Ne4 8. Nxe4 fxe4 9. Nd2 d5 10. f3 exf3 11. Nxf3 c5 12. Be3 cxd4 13. Nxd4 Rxf1+ 14. Kxf1 Nc6 15. cxd5 Nxd4 16. Qxd4 Bf6 17. Qd2 Qf8 18. Kg1 exd5 19. Qxd5+ Kh8 20. Bd4 Qe7 21. Bxf6 Qxf6 22. Rf1 Be6 23. Qxb7 Qd4+ 24. Kh1 Rd8 25. Qe7 Bxa2 26. h3 Bg8 27. Kh2 Rb8 28. b4 Qxb4 29. Qxb4 Rxb4 30. Ra1 Rb2 31. Bf3 Ra2 32. Rc1 Ra5 1/2-1/2

[Event "Brighton op"]
[Site "Brighton"]
[Date "2012.11.11"]
[Round "4"]
[White "Coates, David H"]
[Black "Murphy, Hugh"]
[Result "0-1"]
[WhiteElo "2085"]
[BlackElo "2152"]
[PlyCount "126"]
[EventDate "2012.11.09"]
[EventType "swiss"]
[EventRounds "5"]
[EventCountry "ENG"]
[SourceTitle "CBM 151 Extra"]
[Source "ChessBase"]
[SourceDate "2012.12.18"]
[SourceVersion "1"]
[SourceVersionDate "2012.12.18"]
[SourceQuality "1"]

1. d4 d5 2. c4 e6 3. Nc3 Be7 4. cxd5 exd5 5. Bf4 c6 6. e3 Bd6 7. Bg3 Ne7 8. Bd3 Bf5 9. Nge2 0-0 10. 0-0 Re8 11. Qc2 Bxd3 12. Qxd3 Bxg3 13. Nxg3 Nd7 14. Rae1 Qb6 15. Re2 Rad8 16. Rc1 Nf6 17. Na4 Qc7 18. b4 a6 19. Rec2 Nc8 20. Nc5 Nd6 21. a4 Ra8 22. a5 Qe7 23. Nf5 Nxf5 24. Qxf5 g6 25. Qh3 Ne4 26. Nxe4 Qxe4 27. Rc3 Rad8 28. Qg3 Rd7 29. f4 Rde7 30. Kf2 Qf5 31. Qf3 Re4 32. g4 Qf6 33. g5 Qe7 34. Rb3 h6 35. h4 h5 36. Rc2 Qe6 37. Rc1 Qf5 38. Re1 Kg7 39. Rb2 Kf8 40. Rb3 Ke7 41. Rc3 Kd7 42. Rh1 Rb8 43. Rhc1 Re6 44. Qg2 Ke7 45. Qf3 Kf8 46. Kg2 Kg7 47. Qh3 Qxh3+ 48. Kxh3 Rbe8 49. Re1 Re4 50. Kg3 Rxd4 51. b5 axb5 52. a6 bxa6 53. Rxc6 Rc4 54. Rxa6 d4 55. Rd6 Rxe3+ 56. Rxe3 dxe3 57. Kf3 e2 58. Kxe2 Rxf4 59. Rb6 b4 60. Kd3 Rxh4 61. Kc2 Rf4 62. Kb3 Rf5 63. Rxb4 Rxg5 0-1

[Event "Brighton op"]
[Site "Brighton"]
[Date "2012.11.10"]
[Round "3"]
[White "Gupta, Arul"]
[Black "Coates, David H"]
[Result "1/2-1/2"]
[WhiteElo "1730"]
[BlackElo "2085"]
[PlyCount "71"]
[EventDate "2012.11.09"]
[EventType "swiss"]
[EventRounds "5"]
[EventCountry "ENG"]
[SourceTitle "CBM 151 Extra"]
[Source "ChessBase"]
[SourceDate "2012.12.18"]
[SourceVersion "1"]
[SourceVersionDate "2012.12.18"]
[SourceQuality "1"]

1. e4 c5 2. Nf3 d6 3. Bb5+ Nd7 4. c3 Ngf6 5. Qe2 a6 6. Ba4 b5 7. Bc2 Bb7 8. 0-0 e5 9. d4 Be7 10. Bg5 0-0 11. Bxf6 Bxf6 12. d5 g6 13. Nbd2 Qc7 14. a4 c4 15. Rfc1 Nb6 16. a5 Nd7 17. h3 Nc5 18. b4 Nd7 19. Nf1 Bg7 20. Ne3 Nf6 21. g4 Bc8 22. Kh2 Qd7 23. Rh1 h6 24. Kg2 Qe7 25. Rag1 g5 26. Kf1 Nh7 27. Ke1 Re8 28. h4 f6 29. h5 Qc7 30. Nd2 Bd7 31. Ndf1 Rac8 32. Ng3 Qd8 33. Ngf5 Bf8 34. Ng3 Rc7 35. Ngf5 Bc8 36. Kf1 1/2-1/2

[Event "BCF-chT2a 1213 (4NCL)"]
[Site "England"]
[Date "2012.11.04"]
[Round "2.32"]
[White "Kett, Timothy"]
[Black "Coates, David H"]
[Result "1/2-1/2"]
[WhiteElo "2220"]
[BlackElo "2085"]
[PlyCount "83"]
[EventDate "2012.11.03"]
[EventType "team-tourn"]
[EventRounds "7"]
[EventCountry "ENG"]
[SourceTitle "EXT 2014"]
[Source "ChessBase"]
[SourceDate "2013.11.20"]
[SourceVersion "1"]
[SourceVersionDate "2013.11.20"]
[SourceQuality "1"]
[WhiteTeam "Rhyfelwyr Essyllwg"]
[BlackTeam "e2e4.org.uk II"]
[WhiteTeamCountry "ENG"]
[BlackTeamCountry "ENG"]

1. e4 c5 2. Nf3 d6 3. d4 cxd4 4. Nxd4 Nf6 5. Nc3 a6 6. a4 e5 7. Nf3 Be7 8. Bd3 0-0 9. 0-0 Qc7 10. Qe2 Be6 11. Ng5 Rc8 12. Nxe6 fxe6 13. f4 exf4 14. Bxf4 Nc6 15. e5 dxe5 16. Bg3 Nb4 17. Bxe5 Qb6+ 18. Kh1 Nxd3 19. cxd3 Rc6 20. Rf3 Ng4 21. Raf1 Nxe5 22. Qxe5 Qc5 23. Qg3 Rf8 24. Rxf8+ Bxf8 25. Qb8 Rb6 26. Ne4 Qe7 27. Qe5 Rc6 28. h3 Qc7 29. Qg5 Be7 30. Qh5 g6 31. Qf3 Rc1 32. Qf7+ Kh8 33. Ng5 Rxf1+ 34. Qxf1 Qa5 35. Nxe6 Qxa4 36. Nf4 Bd6 37. Ne2 Qd7 38. Qf6+ Kg8 39. Nf4 Bxf4 40. Qxf4 Qxd3 41. Qb8+ Kg7 42. Qxb7+ 1/2-1/2

[Event "BCF-chT3 1112 (4NCL)"]
[Site "England"]
[Date "2012.05.07"]
[Round "11.59"]
[White "Gregory, Keith D"]
[Black "Coates, David H"]
[Result "1/2-1/2"]
[WhiteElo "2057"]
[BlackElo "2069"]
[PlyCount "101"]
[EventDate "2011.11.12"]
[EventType "team-swiss"]
[EventRounds "11"]
[EventCountry "ENG"]
[SourceTitle "EXT 2013"]
[Source "ChessBase"]
[SourceDate "2012.11.22"]
[SourceVersion "1"]
[SourceVersionDate "2012.11.22"]
[SourceQuality "1"]
[WhiteTeam "Wessex"]
[BlackTeam "e2e4.org.uk II"]
[WhiteTeamCountry "ENG"]
[BlackTeamCountry "ENG"]

1. Nf3 Nf6 2. c4 g6 3. b3 Bg7 4. Bb2 0-0 5. g3 d6 6. Bg2 e5 7. 0-0 Nc6 8. d3 Nh5 9. Ne1 f5 10. Nc3 f4 11. Ne4 Be6 12. Bc3 h6 13. b4 Qd7 14. a4 Bh3 15. b5 Ne7 16. Rc1 Bxg2 17. Kxg2 b6 18. Nf3 fxg3 19. hxg3 Qg4 20. e3 a5 21. Nh2 Qe6 22. Qg4 Qf7 23. Bb2 Rad8 24. Ba3 Nf6 25. Nxf6+ Qxf6 26. Qe4 Qf5 27. Rc2 Qxe4+ 28. dxe4 Rf7 29. Nf3 Rdf8 30. Nd2 g5 31. Nb1 Kh7 32. Nc3 Ng8 33. f3 Nf6 34. Rcf2 Kg8 35. Nd5 Nxd5 36. cxd5 Rd7 37. Bc1 Rdf7 38. Re2 Re8 39. Bd2 Kh7 40. Rh1 Kg6 41. f4 Rfe7 42. f5+ Kf6 43. Kf3 Bf8 44. Reh2 Rh7 45. Kg4 Ree7 46. Rh5 Rd7 47. Rc1 Rd8 48. Rch1 Rdd7 49. R5h2 Rd8 50. Kh5 Rb8 51. Rc1 1/2-1/2

[Event "BCF-chT3 1112 (4NCL)"]
[Site "England"]
[Date "2012.05.06"]
[Round "10.70"]
[White "Coates, David H"]
[Black "Plater, Ronald"]
[Result "1-0"]
[WhiteElo "2069"]
[BlackElo "1876"]
[PlyCount "59"]
[EventDate "2011.11.12"]
[EventType "team-swiss"]
[EventRounds "11"]
[EventCountry "ENG"]
[SourceTitle "EXT 2013"]
[Source "ChessBase"]
[SourceDate "2012.11.22"]
[SourceVersion "1"]
[SourceVersionDate "2012.11.22"]
[SourceQuality "1"]
[WhiteTeam "e2e4.org.uk II"]
[BlackTeam "North East England"]
[WhiteTeamCountry "ENG"]
[BlackTeamCountry "ENG"]

1. d4 Nf6 2. c4 g6 3. Nc3 d5 4. cxd5 Nxd5 5. e4 Nxc3 6. bxc3 Bg7 7. Nf3 0-0 8. Rb1 c5 9. Be2 Nc6 10. d5 Bxc3+ 11. Bd2 Bxd2+ 12. Qxd2 Na5 13. h4 Bg4 14. Ng5 Bxe2 15. Kxe2 b6 16. h5 Qc8 17. f3 Nc4 18. Qd3 Ne5 19. Qc3 f5 20. hxg6 Nxg6 21. Nxh7 fxe4 22. Nxf8 exf3+ 23. gxf3 Qxf8 24. Rbg1 Qf6 25. Rh6 Qe5+ 26. Qe3 Qb2+ 27. Qd2 Qe5+ 28. Kf2 Kf7 29. Rgxg6 Rd8 30. Rg5 1-0

[Event "Blackpool op 36th"]
[Site "Blackpool"]
[Date "2012.03.10"]
[Round "2"]
[White "Coates, David H"]
[Black "Slavin, Alexei"]
[Result "0-1"]
[WhiteElo "2069"]
[BlackElo "2421"]
[PlyCount "98"]
[EventDate "2012.03.09"]
[EventType "swiss"]
[EventRounds "5"]
[EventCountry "ENG"]
[SourceTitle "CBM 147 Extra"]
[Source "ChessBase"]
[SourceDate "2012.04.24"]
[SourceVersion "1"]
[SourceVersionDate "2012.04.24"]
[SourceQuality "1"]

1. d4 Nf6 2. c4 e6 3. Nc3 c5 4. d5 exd5 5. cxd5 Bd6 6. e4 0-0 7. Bd3 Be5 8. Nf3 Bxc3+ 9. bxc3 d6 10. 0-0 c4 11. Bxc4 Nxe4 12. Qd4 Nc5 13. Re1 h6 14. Bf4 Bf5 15. Bg3 Bg6 16. Qf4 Nbd7 17. Qxd6 Rc8 18. Qf4 Nb6 19. Re3 Nxd5 20. Bxd5 Qxd5 21. Ne5 Bh7 22. Qd4 Rfd8 23. Qxd5 Rxd5 24. Nf3 f6 25. c4 Rd7 26. Ne1 Ne4 27. Rc1 Kf7 28. Rb3 b6 29. f3 Nxg3 30. hxg3 Rdc7 31. Rbc3 Ke7 32. a3 Rc5 33. Nd3 Bxd3 34. Rxd3 Rxc4 35. Re1+ Kf8 36. Rd7 R8c7 37. Ree7 Rxd7 38. Rxd7 Ra4 39. Rd3 Ke7 40. Kf2 Ke6 41. Ke3 a6 42. Rc3 b5 43. Kd3 h5 44. Kc2 Rc4 45. Kb3 Rxc3+ 46. Kxc3 a5 47. Kd4 Kd6 48. Kd3 Kd5 49. Kc3 Ke5 0-1

[Event "BCF-chT3S 1112 (4NCL)"]
[Site "England"]
[Date "2012.01.15"]
[Round "4.4"]
[White "Coates, David H"]
[Black "Wallis, Ian J"]
[Result "1/2-1/2"]
[WhiteElo "2069"]
[BlackElo "2024"]
[PlyCount "34"]
[EventDate "2011.11.12"]
[EventType "team-swiss"]
[EventRounds "6"]
[EventCountry "ENG"]
[SourceTitle "EXT 2013"]
[Source "ChessBase"]
[SourceDate "2012.11.22"]
[SourceVersion "1"]
[SourceVersionDate "2012.11.22"]
[SourceQuality "1"]
[WhiteTeam "e2e4.org.uk II"]
[BlackTeam "Anglian Avengers II"]
[WhiteTeamCountry "ENG"]
[BlackTeamCountry "ENG"]

1. d4 f5 2. c4 Nf6 3. g3 d6 4. Bg2 g6 5. Nf3 Bg7 6. 0-0 0-0 7. Nc3 Qe8 8. Re1 c6 9. b3 Na6 10. Bb2 h6 11. a3 Bd7 12. e4 fxe4 13. Nxe4 Nxe4 14. Rxe4 Bf5 15. Re3 Qf7 16. Qc2 Rae8 17. Rae1 Bf6 1/2-1/2

[Event "GBR-ch 98th"]
[Site "Sheffield"]
[Date "2011.08.01"]
[Round "7"]
[White "Nelson, Jonathan"]
[Black "Coates, David H"]
[Result "1-0"]
[WhiteElo "2204"]
[BlackElo "2080"]
[PlyCount "43"]
[EventDate "2011.07.24"]
[EventType "swiss"]
[EventRounds "11"]
[EventCountry "ENG"]
[SourceTitle "CBM 143 Extra"]
[Source "ChessBase"]
[SourceDate "2011.08.29"]
[SourceVersion "1"]
[SourceVersionDate "2011.08.29"]
[SourceQuality "1"]

1. e4 e6 2. d4 d5 3. e5 c5 4. c3 Nc6 5. Nf3 Qb6 6. Bd3 cxd4 7. cxd4 Bd7 8. 0-0 Nxd4 9. Nbd2 Nc6 10. Nb3 Nge7 11. Be3 Qc7 12. Rc1 Ng6 13. Nc5 Bxc5 14. Bxc5 Ngxe5 15. Nxe5 Qxe5 16. Qb3 b6 17. Ba3 Qf4 18. Rfe1 Qg5 19. Bb5 Ne5 20. Rc7 Rd8 21. Rxe5 Qxe5 22. Bxd7+ 1-0

[Event "GBR-ch 98th"]
[Site "Sheffield"]
[Date "2011.07.30"]
[Round "6"]
[White "Coates, David H"]
[Black "Surtees, Michael"]
[Result "1-0"]
[WhiteElo "2080"]
[BlackElo "2151"]
[PlyCount "61"]
[EventDate "2011.07.24"]
[EventType "swiss"]
[EventRounds "11"]
[EventCountry "ENG"]
[SourceTitle "CBM 143 Extra"]
[Source "ChessBase"]
[SourceDate "2011.08.29"]
[SourceVersion "1"]
[SourceVersionDate "2011.08.29"]
[SourceQuality "1"]

1. d4 c6 2. c4 f6 3. e4 e5 4. dxe5 Bb4+ 5. Bd2 Qe7 6. Bxb4 Qxb4+ 7. Qd2 Na6 8. exf6 Nxf6 9. Nc3 0-0 10. f3 Nc5 11. 0-0-0 d6 12. Nge2 a5 13. Nd4 a4 14. a3 Qb6 15. Kb1 Re8 16. h3 Be6 17. g4 Bf7 18. Nf5 Rad8 19. Qd4 Bg6 20. Rg1 Bxf5 21. gxf5 Kh8 22. Be2 Qa5 23. Qe3 Qc7 24. Qg5 Rd7 25. Qg3 b6 26. Bd3 Re5 27. Bc2 b5 28. cxb5 cxb5 29. Nxb5 Qb8 30. Nxd6 Ree7 31. Nf7+ 1-0

[Event "GBR-ch 98th"]
[Site "Sheffield"]
[Date "2011.07.27"]
[Round "3"]
[White "Eggleston, David"]
[Black "Coates, David H"]
[Result "1/2-1/2"]
[WhiteElo "2318"]
[BlackElo "2080"]
[PlyCount "79"]
[EventDate "2011.07.24"]
[EventType "swiss"]
[EventRounds "11"]
[EventCountry "ENG"]
[SourceTitle "CBM 143 Extra"]
[Source "ChessBase"]
[SourceDate "2011.08.29"]
[SourceVersion "1"]
[SourceVersionDate "2011.08.29"]
[SourceQuality "1"]

1. e4 e6 2. d4 d5 3. Nc3 Bb4 4. e5 c5 5. a3 Bxc3+ 6. bxc3 Ne7 7. Qg4 0-0 8. Bd3 Nbc6 9. Qh5 Ng6 10. Nf3 Qc7 11. Be3 c4 12. Bxg6 fxg6 13. Qg4 Bd7 14. h4 Rf5 15. Ng1 Raf8 16. Ne2 Ne7 17. Ng3 h5 18. Qh3 R5f7 19. Ne2 Nf5 20. Bg5 Nh6 21. f3 b5 22. Rf1 a5 23. Bxh6 gxh6 24. g4 Qc8 25. gxh5 gxh5 26. Rg1+ Kh7 27. Qg3 Rg8 28. Qxg8+ Qxg8 29. Rxg8 Kxg8 30. Kf2 Be8 31. Ke3 Rb7 32. Ng3 Bg6 33. f4 Bxc2 34. Nxh5 Kf8 35. Nf6 b4 36. axb4 axb4 37. Ra8+ Kg7 38. Ne8+ Kh7 39. Nf6+ Kg7 40. Ne8+ 1/2-1/2

[Event "GBR-ch 98th"]
[Site "Sheffield"]
[Date "2011.07.26"]
[Round "2"]
[White "Phillips, Owen S"]
[Black "Coates, David H"]
[Result "1/2-1/2"]
[WhiteElo "1967"]
[BlackElo "2080"]
[PlyCount "112"]
[EventDate "2011.07.24"]
[EventType "swiss"]
[EventRounds "11"]
[EventCountry "ENG"]
[SourceTitle "CBM 143 Extra"]
[Source "ChessBase"]
[SourceDate "2011.08.29"]
[SourceVersion "1"]
[SourceVersionDate "2011.08.29"]
[SourceQuality "1"]

1. b3 e5 2. Bb2 Nc6 3. e3 d5 4. Bb5 Bd6 5. f4 Qh4+ 6. g3 Qe7 7. fxe5 Bxe5 8. Bxe5 Qxe5 9. Nc3 Nge7 10. Nf3 Qd6 11. 0-0 Bg4 12. Be2 0-0 13. Nb5 Qd8 14. Ng5 Bf5 15. Bg4 Bg6 16. Bh5 a6 17. Bxg6 Nxg6 18. Qh5 h6 19. Nxf7 Rxf7 20. Rxf7 Kxf7 21. Rf1+ Kg8 22. Qxg6 Qd7 23. Nc3 Rd8 24. Rf5 Rf8 25. Rxf8+ Kxf8 26. Qd3 Nb4 27. Qd4 Qd6 28. e4 dxe4 29. Qxe4 Qc5+ 30. Kg2 b6 31. Qf4+ Kg8 32. Qe4 Qd6 33. Qc4+ Kh8 34. Ne4 Qe7 35. a3 Na2 36. b4 Qe5 37. d3 Qb2 38. Qxc7 Qxa3 39. Qc8+ Kh7 40. Qf5+ Kh8 41. Qf8+ Kh7 42. c3 Qb2+ 43. Kh3 Qb1 44. Qf5+ Kh8 45. Nd6 Qb3 46. Qf8+ Kh7 47. Nf5 Qg8 48. Qxg8+ Kxg8 49. Ne7+ Kf7 50. Nd5 a5 51. Nxb6 axb4 52. cxb4 Nxb4 53. d4 Ke6 54. Kg4 g6 55. h4 Nc2 56. d5+ Ke5 1/2-1/2

[Event "Sunningdale e2e4 op"]
[Site "Ascot"]
[Date "2011.05.28"]
[Round "3"]
[White "Haydon, David Leslie"]
[Black "Coates, David H"]
[Result "1-0"]
[WhiteElo "2283"]
[BlackElo "2080"]
[PlyCount "91"]
[EventDate "2011.05.27"]
[EventType "swiss"]
[EventRounds "7"]
[EventCountry "ENG"]
[SourceTitle "CBM 142 Extra"]
[Source "ChessBase"]
[SourceDate "2011.06.27"]
[SourceVersion "1"]
[SourceVersionDate "2011.06.27"]
[SourceQuality "1"]

1. d4 Nf6 2. c4 g6 3. Nc3 Bg7 4. e4 d6 5. f3 0-0 6. Be3 c5 7. Nge2 Qa5 8. Qd2 Nc6 9. d5 Ne5 10. b3 a6 11. Ng3 Nfg4 12. Nd1 Nxf3+ 13. gxf3 Qxd2+ 14. Bxd2 Bxa1 15. fxg4 Bxg4 16. Bc3 Bxc3+ 17. Nxc3 Bd7 18. Kd2 b5 19. Bd3 b4 20. Na4 Rab8 21. Nb2 a5 22. Bc2 f6 23. Ne2 f5 24. e5 dxe5 25. Nd3 e4 26. Nxc5 Bc8 27. Nd4 Rf7 28. Ke3 g5 29. Nde6 h6 30. h4 g4 31. Kf4 Rb6 32. Bd1 Rf6 33. Be2 Kf7 34. Ra1 Kg6 35. a3 Bxe6 36. Nxe6 Rfxe6 37. dxe6 Rxe6 38. axb4 axb4 39. Ra5 Rd6 40. Rxf5 Rd2 41. Bxg4 Rd3 42. h5+ Kg7 43. Rb5 e3 44. Re5 Rxb3 45. Rxe7+ Kf8 46. Rxe3 1-0

[Event "BCF-chT3 1011 (4NCL)"]
[Site "England"]
[Date "2011.04.30"]
[Round "9.35"]
[White "Coates, David H"]
[Black "Feavyour, John"]
[Result "1/2-1/2"]
[WhiteElo "2080"]
[BlackElo "2069"]
[PlyCount "128"]
[EventDate "2010.11.06"]
[EventType "team-swiss"]
[EventRounds "9"]
[EventCountry "ENG"]
[SourceTitle "EXT 2012"]
[Source "ChessBase"]
[SourceDate "2011.11.24"]
[SourceVersion "1"]
[SourceVersionDate "2011.11.24"]
[SourceQuality "1"]
[WhiteTeam "e2e4.org.uk II"]
[BlackTeam "Iceni"]
[WhiteTeamCountry "ENG"]
[BlackTeamCountry "ENG"]

1. d4 d5 2. c4 c6 3. Nf3 Nf6 4. Nc3 dxc4 5. a4 Bf5 6. Ne5 Nbd7 7. Nxc4 Qc7 8. g3 e5 9. dxe5 Nxe5 10. Bf4 Nfd7 11. Bg2 f6 12. 0-0 Nc5 13. Ne3 Be6 14. b4 Rd8 15. Qb1 Na6 16. b5 Nc5 17. bxc6 bxc6 18. Rd1 Rxd1+ 19. Qxd1 Be7 20. Rb1 0-0 21. Qc2 Qc8 22. Ne4 Ncd7 23. Bxe5 Nxe5 24. Nc5 Bf7 25. Rc1 Bxc5 26. Qxc5 Qa6 27. Qc2 Re8 28. f4 Qb6 29. Qc5 Nd7 30. Qxb6 Nxb6 31. Kf2 Nxa4 32. Rxc6 Nb6 33. Rc7 a5 34. Ra7 g6 35. Bc6 Rc8 36. Bb5 Rc5 37. Bd3 a4 38. Ra6 Rc6 39. Bb5 Rd6 40. Bxa4 Nc4 41. Ra8+ Kg7 42. Nxc4 Bxc4 43. Ra7+ Kf8 44. Rc7 Ba6 45. Rc6 Rxc6 46. Bxc6 Bc4 47. e4 Ke7 48. Ke3 Kd6 49. Be8 Bb3 50. Kd4 Ba2 51. Bb5 Bf7 52. Bc4 Be8 53. h4 h6 54. e5+ fxe5+ 55. fxe5+ Ke7 56. Ke4 Bd7 57. Kf4 Bf5 58. Ke3 g5 59. hxg5 hxg5 60. Kd4 Bg6 61. Bd3 Bh5 62. Bf5 Bd1 63. Kc5 Bf3 64. Kd4 Bd1 1/2-1/2

[Event "Hastings Masters op 86th"]
[Site "Hastings"]
[Date "2011.01.05"]
[Round "9"]
[White "Snape, Ian L"]
[Black "Coates, David H"]
[Result "1-0"]
[WhiteElo "2228"]
[BlackElo "2067"]
[PlyCount "41"]
[EventDate "2010.12.28"]
[EventType "swiss"]
[EventRounds "9"]
[EventCountry "ENG"]
[SourceTitle "CBM 140 Extra"]
[Source "ChessBase"]
[SourceDate "2011.03.01"]
[SourceVersion "1"]
[SourceVersionDate "2011.03.01"]
[SourceQuality "1"]

1. e4 e6 2. d4 d5 3. Nc3 Bb4 4. e5 c5 5. a3 Bxc3+ 6. bxc3 Ne7 7. Qg4 0-0 8. Bd3 Nbc6 9. Bg5 Qa5 10. Ne2 cxd4 11. f4 dxc3 12. 0-0 Ng6 13. Qh5 Re8 14. Rf3 Nce7 15. Rh3 h6 16. Bxh6 gxh6 17. Qxh6 Qc5+ 18. Kh1 Qf2 19. Ng3 Qxf4 20. Qh7+ Kf8 21. Rf1 1-0

[Event "GBR-ch 98th"]
[Site "Sheffield"]
[Date "2011.??.??"]
[Round "11"]
[White "Coates, David H"]
[Black "Pleasants, Allan J"]
[Result "1/2-1/2"]
[WhiteElo "2080"]
[BlackElo "2092"]
[PlyCount "128"]
[EventDate "2011.07.24"]
[EventType "swiss"]
[EventRounds "11"]
[EventCountry "ENG"]
[SourceTitle "CBM 143 Extra"]
[Source "ChessBase"]
[SourceDate "2011.08.29"]
[SourceVersion "1"]
[SourceVersionDate "2011.08.29"]
[SourceQuality "1"]

1. d4 Nf6 2. c4 c5 3. d5 b5 4. cxb5 a6 5. bxa6 g6 6. Nc3 Bxa6 7. g3 d6 8. Bg2 Bg7 9. Nf3 Qa5 10. Bd2 Nbd7 11. Rb1 Ng4 12. Qc2 0-0 13. 0-0 Rfb8 14. Rfe1 Nge5 15. Nxe5 Nxe5 16. b3 Qa3 17. h3 Ra7 18. f4 Nd7 19. e4 c4 20. bxc4 Rab7 21. Kh2 Rb2 22. Rxb2 Rxb2 23. Qc1 Nc5 24. Re3 Bxc3 25. Qxc3 Qxa2 26. Re2 Nb3 27. e5 Rxd2 28. Rxd2 Nxd2 29. exd6 exd6 30. c5 Nf1+ 31. Kg1 Qd2 32. Qxd2 Nxd2 33. c6 Kf8 34. Kf2 Ke7 35. Ke3 Nf1+ 36. Kf2 Nd2 37. Ke3 Nb3 38. g4 f6 39. h4 Bc8 40. Bf3 Kd8 41. Bd1 Nc5 42. Kd4 Kc7 43. Bf3 Kb6 44. Bd1 Kb5 45. g5 f5 46. h5 gxh5 47. Bxh5 Kb6 48. Bf7 Kc7 49. Bg8 Kd8 50. Bxh7 Ke7 51. Bg6 Ne4 52. Bh5 Nf2 53. Be2 Ne4 54. Bd3 Nc5 55. Bc2 Kf7 56. Ke3 Kg6 57. Kd4 Na6 58. Bd1 Nc7 59. Be2 Ba6 60. Bxa6 Nxa6 61. Kc4 Nc7 62. Kd4 Kf7 63. Kc4 Ke7 64. Kd4 Ne8 1/2-1/2

[Event "Hastings Masters op 86th"]
[Site "Hastings"]
[Date "2010.12.31"]
[Round "4"]
[White "Coates, David H"]
[Black "Eames, Robert"]
[Result "0-1"]
[WhiteElo "2067"]
[BlackElo "2275"]
[PlyCount "78"]
[EventDate "2010.12.28"]
[EventType "swiss"]
[EventRounds "9"]
[EventCountry "ENG"]
[SourceTitle "CBM 140 Extra"]
[Source "ChessBase"]
[SourceDate "2011.03.01"]
[SourceVersion "1"]
[SourceVersionDate "2011.03.01"]
[SourceQuality "1"]

1. d4 Nf6 2. c4 c5 3. d5 b5 4. cxb5 a6 5. bxa6 g6 6. Nc3 Bxa6 7. g3 Bg7 8. Bg2 d6 9. Nf3 Nfd7 10. 0-0 Nb6 11. Qc2 0-0 12. Rd1 Nc4 13. Nd2 Ne5 14. Ndb1 Bc8 15. b3 Na6 16. Bb2 Bf5 17. Qd2 Nb4 18. Na3 Qd7 19. Nc4 Rfb8 20. Nxe5 Bxe5 21. Rdc1 c4 22. a3 Nc2 23. b4 Nxa1 24. Rxa1 h5 25. e4 Bg4 26. Bf1 h4 27. Bxc4 hxg3 28. hxg3 Bf3 29. Bf1 Kg7 30. Bg2 Bxg2 31. Kxg2 Rh8 32. f4 Qh3+ 33. Kf3 Qh5+ 34. Ke3 Bf6 35. Ne2 Qg4 36. Bxf6+ exf6 37. Qb2 Rh2 38. Ra2 Rc8 39. b5 Rxe2+ 0-1